International journal of early childhood
| Corporate Author: | |
|---|---|
| Format: | Electronic Journal |
| Language: | English French Spanish |
| Published: |
[Dublin, Ireland] :
[OMEP Publications]
[Dordrecht] : Springer Netherlands |
| Subjects: | |
| Online Access: | Full text available from Research Library: 07/01/1997 to 1 year ago |
MARC
| LEADER | 00000nas a2200000 a 4500 | ||
|---|---|---|---|
| 001 | ssj0012588 | ||
| 003 | WaSeSS | ||
| 005 | 20200512172242.0 | ||
| 006 | m d | ||
| 007 | cr n | ||
| 008 | 050614c19699999gw tx pss 0 a0eng c | ||
| 010 | |a 2011233286 | ||
| 015 | |a 011318694 |2 dnb | ||
| 016 | 7 | |a 222968-7 |2 DE-600 | |
| 016 | 7 | |a 9882815 |2 DNLM | |
| 016 | 7 | |a SR0059874 |2 DNLM | |
| 016 | 7 | |a 003273698 |2 IsJJNL | |
| 016 | 7 | |a 015802631 |2 Uk | |
| 022 | |a 1878-4658 |l 0020-7187 |y 0020-7187 | ||
| 035 | |a (WaSeSS)ssj0012588 | ||
| 040 | |a OCLCS |b eng |c OCLCS |d OCLCQ |d CIT |d OCLCQ |d OUP |d UKMGB |d GUA |d UKWOH |d J9U |d TXA |d OCLCQ |d AUD |d OCLCQ |d BUF |d OCLCF |d OCLCO |d VT2 |d OCLCQ |d AU@ |d CNTRU |d DLC |d WaSeSS | ||
| 041 | 0 | |a eng |a fre |a spa | |
| 042 | |a pcc | ||
| 050 | 0 | 0 | |a LB1140.A1 |
| 082 | 0 | 4 | |a 372.21/05 |
| 130 | 0 | |a International journal of early childhood (Online) | |
| 222 | 0 | |a International journal of early childhood |b (Online) | |
| 245 | 1 | 0 | |a International journal of early childhood |h [electronic resource]. |
| 246 | 3 | |a IJEC | |
| 246 | 3 | 1 | |a Revue internationale de l'enfance préscolaire |
| 246 | 3 | 1 | |a Revista internacional de la infancia pre-escolar |
| 260 | |a [Dublin, Ireland] : |b [OMEP Publications] | ||
| 260 | 3 | |3 <2009>- |a [Dordrecht] : |b Springer Netherlands | |
| 310 | |a Three issues a year, |b 2011- | ||
| 321 | |a Semiannual, |b -2010 | ||
| 362 | 1 | |a Print began in 1969. | |
| 506 | |a License restrictions may limit access. | ||
| 546 | |a English, French, or Spanish, with summaries in the other two languages. | ||
| 588 | |a Description based on: V. 29:no. 1 (Mar. 1997); title from PDF running title (SpringerLink, viewed Jan. 27, 2010). | ||
| 588 | |a Latest issue consulted: Vol. 51, isssue 2 (Aug. 2019) (SpringerLink, viewed Oct. 29, 2019). | ||
| 650 | 0 | |a Education, Preschool |v Periodicals. | |
| 650 | 7 | |a Education, Preschool. |2 fast |0 (OCoLC)fst00903161 | |
| 653 | |a Periodical | ||
| 655 | 0 | |a Electronic journals. | |
| 710 | 2 | |a World Organization for Early Childhood Education. | |
| 776 | 0 | 8 | |i Print version: |t International journal of early childhood |x 0020-7187 |w (DLC)sn 89002643 |w (OCoLC)2219661 |
| 850 | |a DLC | ||
| 856 | 4 | 0 | |z Full text available from Research Library: 07/01/1997 to 1 year ago |u https://search.proquest.com/publication/48368 |